000 00468nam a2200169Ia 4500
003 GCL
008 140319s9999 xx 000 0 eng d
040 _aGCL /
_cGCL
082 0 4 _a769-2
_bL P
100 1 _aLISTER, RAYMAND
245 1 0 _aThe Paintings of William Bloke /
_cLISTER, RAYMAND
260 _a[S.N] :
_bCAMBRIBGE UNIVERSITY PRESS ،
_c1986
300 _a176
650 0 4 _aPAINTING - ILLUSTRATION
650 0 4 _aBLAKE, WILLIAM - 1757-1827
942 _2ddc
_cBK
999 _c17647
_d17647